Provinces of the Philippines - Map Quiz - Statistics

General Stats
  • This quiz has been taken 135 times
  • The average score is 48 of 83
Answers on the Map
Answers color-coded by a green-red scale on the quiz's map according to % correct below.
 
Answer Stats
Answer % Correct
Cebu
84%
Palawan
79%
Northern Samar
76%
Zamboanga del Norte
74%
Ilocos Norte
71%
Leyte
71%
Negros Occidental
71%
Quezon
71%
Southern Leyte
71%
Eastern Samar
68%
Laguna
68%
Manila
68%
Agusan del Norte
66%
Ilocos Sur
66%
Oriental Mindoro
66%
Samar
66%
Sulu
66%
Apayao
63%
Aurora
63%
Camarines Norte
63%
Camarines Sur
63%
Davao del Norte
63%
Davao Oriental
63%
Negros Oriental
63%
Occidental Mindoro
63%
Tawi-Tawi
63%
Bataan
61%
Bohol
61%
Iloilo
61%
Mountain Province
61%
Pangasinan
61%
Rizal
61%
Surigao del Norte
61%
Zambales
61%
Agusan del Sur
58%
Cagayan
58%
Davao del Sur
58%
Isabela
58%
Kalinga
58%
La Union
58%
Marinduque
58%
Masbate
58%
South Cotabato
58%
Sultan Kudarat
58%
Zamboanga Sibugay
58%
Albay
55%
Batangas
55%
Bukidnon
55%
Bulacan
55%
Catanduanes
55%
Cotabato
55%
Davao del Oro (Compostela Valley)
55%
Dinagat Islands
55%
Lanao del Sur
55%
Sorsogon
55%
Antique
53%
Benguet
53%
Camiguin
53%
Cavite
53%
Lanao del Norte
53%
Misamis Occidental
53%
Nueva Vizcaya
53%
Pampanga
53%
Zamboanga City
53%
Aklan
50%
Ifugao
50%
Maguindanao
50%
Nueva Ecija
50%
Quirino
50%
Romblon
50%
Sarangani
50%
Siquijor
50%
Surigao del Sur
50%
Tarlac
50%
Basilan
47%
Capiz
47%
Davao Occidental
47%
Guimaras
47%
Misamis Oriental
47%
Zamboanga del Sur
47%
Biliran
45%
Abra
42%
Batanes
39%
No matching quizzes found
Score Distribution
Percent of People with Each Score
Percentile by Number Answered
Your Score History
You have not taken this quiz